Science news for students

Bibliographic Details
Previous Title:Science news for kids
Format: Electronic Newspaper
Language:English
Published: Washington, District of Columbia : Society for Science & the Public Society for Science & the Public
Subjects:
Online Access:Full text available from Research Library: 05/03/2006 to 04/26/2015

MARC

LEADER 00000nas a2200000 i 4500
001 ssj0001366353
003 WaSeSS
005 20200512172242.0
006 m d
007 cr n
008 141028c20uu9999dcudr n|s|||||| |0eng d
035 |a (WaSeSS)ssj0001366353 
040 |a WaSeSS  |b eng  |c WaSeSS  |d WaSeSS 
050 4 |a Q1.A3 
245 0 0 |a Science news for students  |h [electronic resource]. 
260 |a Washington, District of Columbia :  |b Society for Science & the Public Society for Science & the Public 
310 |a Daily 
506 |a License restrictions may limit access. 
588 |a Description based on: January 2, 2014; title from title screen (ProQuest, viewed Oct. 28, 2014). 
588 |a Latest issue consulted: October 24, 2014 (viewed Oct. 28, 2014). 
650 0 |a Science  |v Newspapers. 
655 0 |a Electronic journals. 
780 0 0 |t Science news for kids 
856 4 0 |z Full text available from Research Library: 05/03/2006 to 04/26/2015  |u https://search.proquest.com/publication/28629